Регионална библиотека "Любен Каравелов" - Русе

Съчинения (Запис номер 182168)

MARC детайли
000 -Лидер
Контролно поле с фиксирана дължина 01765nam a2200337 c 4500
003 - Код на организацията, давaща контролен номер
Контролно поле BLK
005 - Дата и час на последна редакция
Контролно поле 20241017105412.0
008 - Елементи от данни с фиксирана дължина
fixed length control field 180411b bul|||||r ||||||| ||bul||
010 ## - Наследен системен номер
LC control number KNG00191091000
040 ## - Източник на каталожния запис
Идентификатор на билиотеката - собственик на записа BLK
041 ## - Код за език
Код за езика на текст/звукозапис или на отделно заглавие Български
Код за езика КДБФ Български
080 ## - УДК
Текстов определител УДК Българска литература
УДК код - определител по УДК 821.163.2
УДК определител -8
УДК - код + определител 821.163.2-8
100 ## - Редна дума - Автор
Автор Дебелянов, Димчо Вельов
R(LIN) 363389
139 ## - Редно поле
Редна дума Дебелянов, Димчо Вельов
Авторски знак Деб - Д 31
245 10 - Сведения за заглавието
Заглавие Съчинения
Подзаглавни данни В 2 т.
Редно поле (дума) Димчо Вельов Дебелянов; под ред. на Елка Константинова; под ред. на Надежда Александрова.
Том Т. 2.
Заглавие на том Проза ; Писма
250 ## - Област на изданието
Сведения за изданието 2. попр. и доп. изд.
257 ## - Страна на издаване
Страна на създаване/издаване България
260 ## - Област на издателските данни
-- София
Име на издателя, разпространителя и проч. Бълг. писател
Година на издаване 1987
300 ## - Физическа характеристика
Размери/Мащаб 20 см
380 ## - Жанр
Жанр Худож. лит.
500 ## - Общи забележки
Забележка 1. изд. 1983. - 3 109 тир. - Съдържа и предговори към изданията на Димчо Дебелянов - - Прил. Светлий спомен за теб... : Ил., портр., факс. / Ред. Михаил Неделчев ; Фотогр. Венцислав Лозанов. - 72 с. : с ил., портр., факс.
700 1# - Други автори (авторска отговорност)
Лично име Константинова, Елка
Автороска отговорност (Описва отношението между автора и произведението) под ред. на
9 (RLIN) 369408
700 1# - Други автори (авторска отговорност)
Лично име Александрова, Надежда
Автороска отговорност (Описва отношението между автора и произведението) под ред. на
9 (RLIN) 367895
760 1# - Описание на основната серия
Редна дума на основното описание Дебелянов, Димчо Вельов
Издание 2. попр. и доп. изд.
Страници - том 360 с. : с портр.
Заглавие Т. 2. Проза ; Писма
852 ## - Местоположение
Форматна сигнатура Цб 151495
856 4# - Електронен адрес и достъп
Електронен формат pdf - файл
Път до файла /url/
856 4# - Електронен адрес и достъп
Електронен формат pdf - файл
Път до файла /url/
942 ## - АРТИКУЛИ
Вид на библиотечния материал Книги
Скрит в OPAC Не
944 ## - СЪЗДАВАНЕ И РЕДАКЦИЯ на ЗАПИСА
Създаване/Редакция Създаване
Дата на регистрацията/редакция 29.09.2016
Служител, извършил регистрацията/редакцията 30550
Статус, дата на статуса Кети Илиева
944 ## - СЪЗДАВАНЕ И РЕДАКЦИЯ на ЗАПИСА
Създаване/Редакция Редакция
Дата на регистрацията/редакция 29.09.2016
Служител, извършил регистрацията/редакцията Нора_Радева
999 ## - СИСТЕМНИ КОНТРОЛНИ НОМЕРА
Koha biblionumber 182168
Koha biblioitemnumber 182168
Наличности
Код за отписване Код за изгубен артикул Източник на класификационната схема Код за повреда Коз за рестрикции Код за отдаване Артикулен № Име на библиотеката - собственик Име на библиотеката, в която се намира в момента Статус (Текущо местоположение) Дата на вписване в системата Местоположение - отдел Цена в лева Инвентарен номер Систематично азбучна сигнатура Баркод Номер на екземпляра Цена в евро Служебна бележка Служебен тип на артикула Бележка за публиката
  Не е изгубен Universal Decimal Classification Не е повреден без рестрикции ползва се в читалня 312456 Регионална библиотека "Любен Каравелов" Русе Регионална библиотека "Любен Каравелов" Русе Хранилище 1987-01-01 Хранилище 2.93 489219 Цб 151495 120000489219 1 1.50 Дост: Dp Вид: Д N: сф Дата: 01.01.1987 Книги  
Изтеглен Не е изгубен   Не е повреден без рестрикции заемане за дома 312457 Регионална библиотека "Любен Каравелов" Русе Регионална библиотека "Любен Каравелов" Русе   1987-01-01 Заемна - подръчен фонд 2.93 496768 П 886.7-8/Д 31 496768 2 1.50 Вид: Сф Дата: 01.01.1987 Книги Отч.N: 5 , Дата: 19.01.2018
Изтеглен Не е изгубен Universal Decimal Classification Не е повреден без рестрикции заемане за дома 312458 Регионална библиотека "Любен Каравелов" Русе Регионална библиотека "Любен Каравелов" Русе Заемна - подръчен фонд 1987-01-01 Заемна - подръчен фонд 2.93 496769 П 886.7-8/Д 31 496769 3 1.50 Вид: Сф Дата: 01.01.1987 Дата инв: 13.02.2018 Бележки инв: П2018 Книги  
Изтеглен Не е изгубен Universal Decimal Classification Не е повреден без рестрикции заемане за дома 312459 Регионална библиотека "Любен Каравелов" Русе Регионална библиотека "Любен Каравелов" Русе Заемна - подръчен фонд 1987-01-01 Заемна - подръчен фонд 2.93 496770 П 886.7-8/Д 31 496770 4 1.50 Вид: Сф Дата: 01.01.1987 Дата инв: 16.02.2018 Бележки инв: П2018 Книги  
Изтеглен Не е изгубен Universal Decimal Classification Не е повреден без рестрикции заемане за дома 312460 Регионална библиотека "Любен Каравелов" Русе Регионална библиотека "Любен Каравелов" Русе Заемна - подръчен фонд 1987-01-01 Заемна - подръчен фонд 2.93 496772 П 886.7-8/Д 31 496772 5 1.50 Вид: Сф Дата: 01.01.1987 Книги  
Vip Innovations Ltd, Rousse, Bulgaria 2025